| 000 | 00534nmm a22001817a 4500 | ||
|---|---|---|---|
| 005 | 20170209141723.0 | ||
| 008 | 150727b xxu||||| |||| 00| 0 spa d | ||
| 041 | _aEspañol | ||
| 082 | _aSE 37 | ||
| 100 |
_aOrozco Leonel, Angie _94149 |
||
| 245 | _aInforme de Práctica Supervisada realizado en el Departamento del Banco Crédito Agricola de Cartago | ||
| 260 | _c2014 | ||
| 650 |
_aCOSTA RICA _938732 |
||
| 650 |
_aRECURSOS HUMANOS _938733 |
||
| 650 |
_aEXPEDIENTES _93547 |
||
| 650 |
_aSERVICIO AL CLIENTE _91558 |
||
| 942 | _cIP | ||
| 999 |
_c6656 _d6656 |
||